| 000 | 00654nam a2200205Ia 4500 | ||
|---|---|---|---|
| 008 | 160114s9999 xx 000 0 und d | ||
| 020 | _a9780746078198 | ||
| 050 | _aFic | ||
| 050 | _b.L131c 2004 | ||
| 100 | _aLacey, Minna | ||
| 245 |
_aChristopher Columbus / _c Minna Lacey ; illustrated by David Cuzik. |
||
| 260 |
_aAmerica : _bUsborne Publishing Ltd _c2004 |
||
| 300 |
_a64 pages; _billustrations ; _c20 cm. |
||
| 440 | _aUsborne famous lives. | ||
| 650 | _aColumbus, Christopher -- | ||
| 650 | _aColumbus, Christopher. | ||
| 650 | _aExplorers -- Spain -- Biography -- | ||
| 650 | _xJuvenile literature. | ||
| 650 | _xJuvenile literature. | ||
| 999 |
_c290399 _d290399 |
||